000 00506nam a22001817a 4500
003 OSt
005 20140310182154.0
008 130830t xxu||||| |||| 00| 0 eng d
020 _a0812019296
050 _aNC 730
_b.B316 1994
082 _aHS 741.2
_bB29 1994
245 _aThe Basics of artistics drawing.
260 _aNew York :
_bBarron's educational series, Inc,
_c 1994.
300 _a123 P. ;
_bcol.; ill.
_c28 cm.
650 _aDrawing
_xtechnique
_915873
942 _2lcc
_cHS
999 _c10055
_d10055